000 00313nam a2200121Ia 4500
008 190722s9999 xx 000 0 und d
020 _a978-983-47-1054-5
100 _aSarah Sabir Ahmed
245 0 _aOrganizational Behaviour
260 _aNew York
_bOxford University Press
_c2014
300 _a262
942 _cBK
999 _c987
_d987